00839nam a2200229 a 4500008004100000020003000041040001500071100003300086245009200119260005600211300005500267336002600322337002500348338002300373500002000396504004100416650004900457650006000506700002500566003000100591005001700592  a9780729539173 (paperback) aNUSTcNUST1 aConstantinou, Mariaaauthor.10aTherapeutic taping for musculoskeletal conditions/c Maria Constantinou and Mark Brown. aSydney, Australia :bChurchill Livingstone ,c2010. ax, 263 pages :bcolor illustrations ;c18 x 26 cm. atextbtxt2rdacontent aunmediated2rdamedia avolume2rdacarrier aIncludes index. aIncludes bibliographical references. 1aMusculoskeletal systemxDiseasesvTreatment. aMusculoskeletal systemxWounds and injuriesvTreatment. aBrown, Markaauthor.20230120204253.0